Social structure and personality
Wedi'i Gadw mewn:
| Prif Awdur: | |
|---|---|
| Fformat: | Llyfr |
| Iaith: | Saesneg |
| Cyhoeddwyd: |
Nueva York
Free Press of Glencoe
1964
|
| Pynciau: | |
| Tagiau: |
Ychwanegu Tag
Dim Tagiau, Byddwch y cyntaf i dagio'r cofnod hwn!
|
MARC
| LEADER | 00000nam a2200000 a 4500 | ||
|---|---|---|---|
| 001 | UCQ0808 | ||
| 003 | CL-VaPUC | ||
| 008 | 980703e19640000US |||||||||||||||||eng|d | ||
| 082 | 0 | 4 | |a 305 |b PAR |2 21 |
| 100 | |a Parsons, Talcott |e author |9 349443 | ||
| 245 | 1 | 0 | |a Social structure and personality |
| 300 | |a 376 p | ||
| 942 | |c BK | ||
| 945 | |d 19980703 00:00:00 |a crobeson | ||
| 260 | |a Nueva York |b Free Press of Glencoe |c 1964 | ||
| 650 | 7 | |a ESTRUCTURA SOCIAL |2 CL-VaPUC |9 414128 | |
| 650 | 0 | |a Psicología social |9 222894 | |
| 650 | 0 | |a Sistemas sociales |9 308361 | |
| 650 | 0 | |a Trastornos mentales |9 307475 | |
| 650 | 0 | |a Salud mental |9 308393 | |
| 650 | 0 | |a Personalidad |9 307255 | |
| 583 | |a last modification |c 20190813 10:05:48 |k Rodrigo Vera | ||
| 999 | |c 271839 |d 271837 | ||
| 952 | |0 0 |1 2 |2 ddc |4 0 |6 305_000000000000000_PAR_1964 |7 0 |8 A |9 306614 |a BIBENE |b BIBENE |d 2019-11-20 |i 1427504 |o 305 PAR 1964 |p 1427504 |r 2019-11-20 |w 2019-11-20 |y BK |k ICO | ||